Practical Deep Learning for Cloud, Mobile and Edge : Real-World Al and Computer-Vision Projects Using Python, Keras and TensorFlow /

Gespeichert in:
Bibliographische Detailangaben
Hauptverfasser: Koul, Anirudh (Verfasst von), Ganju, Siddha (Verfasst von), Kasam, Meher (Verfasst von)
Format: Buch
Sprache:Englisch
Veröffentlicht: Sebastopol : O`Reilly, 2020
Ausgabe:1. vydanie
Tags: Tag hinzufügen
Keine Tags, Fügen Sie das erste Tag hinzu!

MARC

LEADER 00000nam a22000003a 4500
001 0110780
003 SK-STU
005 20240801084520.8
007 ta
008 240801s ----xo-----e------000-0-----d
020 |a 978-1-492-03486-5 
040 |a STU  |b slo 
041 0 |a eng 
044 |a xxu 
100 1 |a Koul, Anirudh  |4 aut  |r Z6 
245 1 0 |a Practical Deep Learning for Cloud, Mobile and Edge :  |b Real-World Al and Computer-Vision Projects Using Python, Keras and TensorFlow /  |c aut. Anirudh Koul, Siddha Ganju, Meher Kasam 
250 |a 1. vydanie 
260 |a Sebastopol :  |b O`Reilly,  |c 2020 
300 |a 554 s. 
700 1 |a Ganju, Siddha  |r Z6  |4 aut 
700 1 |a Kasam, Meher  |r Z6  |4 aut 
996 |b 284EK90702  |c E* 90702  |l EE35  |s P  |a 0  |w 0110780_0001